Pictures and drawings: ilustrations
Sábháilte in:
| Príomhchruthaitheoir: | |
|---|---|
| Formáid: | LEABHAR |
| Teanga: | Béarla |
| Foilsithe / Cruthaithe: |
Londres
Majesty's Stationery Office
1930
|
| Eagrán: | 2a. ed |
| Ábhair: | |
| Clibeanna: |
Cuir clib leis
Níl clibeanna ann, Bí ar an gcéad duine le clib a chur leis an taifead seo!
|
MARC
| LEADER | 00000nam a2200000 a 4500 | ||
|---|---|---|---|
| 001 | UCZ5521 | ||
| 003 | CL-VaPUC | ||
| 008 | 951123e19300000UK |||||||||||||||||eng|d | ||
| 082 | 0 | 4 | |a 759.2 |b CAM |2 21 |
| 100 | 0 | |a Cam, S. J |e author |9 349570 | |
| 245 | 1 | 0 | |a Pictures and drawings: ilustrations |
| 250 | |a 2a. ed | ||
| 300 | |a 214 p | ||
| 942 | |c BK | ||
| 945 | |d 19951123 00:00:00 |a rleighto | ||
| 260 | |a Londres |b Majesty's Stationery Office |c 1930 | ||
| 600 | 0 | 7 | |a VELAZQUEZ, DIEGO DE |2 CL-VaPUC |9 269210 |
| 600 | 0 | 7 | |a MURILLO, BARTOLOME ESTEBAN |2 CL-VaPUC |9 342993 |
| 600 | 0 | 7 | |a HALS, FRANZ |2 CL-VaPUC |9 342325 |
| 600 | 0 | 7 | |a MOINE, FRANCOIS LE |2 CL-VaPUC |9 349571 |
| 600 | 0 | 7 | |a ROMNEY, GEORGE |2 CL-VaPUC |9 349572 |
| 600 | 0 | 7 | |a ROSA, SALVATOR |2 CL-VaPUC |9 349573 |
| 600 | 0 | 7 | |a GUARDI, FRANCESCO |2 CL-VaPUC |9 349574 |
| 650 | 0 | |a Bellas artes |9 334299 | |
| 650 | 0 | |a Pinturas |9 347968 | |
| 650 | 0 | |a Dibujos |9 264123 | |
| 650 | 0 | |a Artistas |9 262026 | |
| 650 | 0 | |a Obras de arte |9 337253 | |
| 650 | 0 | |a Colecciones artísticas |9 348038 | |
| 651 | 0 | |a Francia |9 255157 | |
| 651 | 0 | |a Inglaterra |9 255158 | |
| 651 | 0 | |a Alemania |9 255688 | |
| 651 | 0 | |a España |9 254926 | |
| 651 | 0 | |a Italia |9 254949 | |
| 583 | |a last modification |c 19951123 00:00:00 |k Rodrigo Vera | ||
| 999 | |c 241820 |d 241818 | ||